000 00777nam a2200241Ia 4500
003 OSt
005 20220923225028.0
006 a|||||r|||| 00| 0
007 ta
008 220922b |||||||| |||| 00| 0 hin d
024 _a255,387
037 _cTextual
040 _aARTS
_cARTS
_bhin
041 _2hin
_ahin
082 _aP15, 152L3(EPS)
100 _aत्रिपाठी, बाबूराम
245 0 _aसंस्कृत व्याकरणम्
246 _aSanskṛut vyākaraṇam
260 _aआगरा
_b विनोद पुस्तक मन्दिर
_c1973
300 _a457पृ.
_ccm.
942 _hP15, 152L3(EPS)
_cTEXL
_2CC
999 _c375505
_d375505